000 01175cam a2200289 4500
008 020701n2001 000 0 eng u
020 _a086017560X
035 _a(Sirsi) u118659
041 _aeng.
050 _a690.2
100 _aDelves, A.
110 _aConstruction Industry Research and Information Association
_94810
245 _aFaster construction on site by selection of methods and materials
260 _aLondon
_bCIRIA
_c2001
300 _a52p.
_c30cm.
350 _a80
490 _aCIRIA Report
_vC560
520 _aShows how the selection of appropriate methods and materials can be used to reduce construction times on site. Considers the approach and decisions needed for each stage of the project process. It offers advice on methods of selection as well as on other project development activities. Gives clear examples and provides a separate section containing case studies.
650 _aBUILT ENVIRONMENT-BUILDING MATERIALS
650 _aCONSTRUCTION TIMES
650 _aProcurement-old
650 _aMANAGEMENT-PROJECT MANAGEMENT
690 _aBUILT ENVIRONMENT
700 _aDrayton, R.
700 _aSheehan, T.
942 _n0
999 _c102159
_d102159